Interesante Isoetacea del volcan Galeras (<Nariño, Colombia>) (Registro nro. 15297)

Detalles MARC
000 -CABECERA
Campo de control 003750000a22001210004500
090 ## - CLASIFICACIÓN LOCAL
Colección AS
Consecutivo Seriadas
041 0# - IDIOMA
Código de idioma para texto/pista de sonido o título separado
100 1# - ASIENTO PRINCIPAL--NOMBRE PERSONAL
Nombre personal Mora Osejo, Luis Eduardo
245 10 - MENCION DE TITULO
Título Interesante Isoetacea del volcan Galeras (<Nariño, Colombia>)
700 1# - ASIENTO SECUNDARIO - NOMBRE PERSONAL
Nombre personal Hagemann, Wolfgang
773 1# - Item fuente:
Título Mutisia: Acta Botánica Colombiana
Especificación de materiales 893
Descripción física 43
Paginas del Articulo 1-11
Lugar, editorial y fecha de publicación 1977
942 ## - ELEMENTOS ADICIONALES (KOHA)
Tipo de ítem Artículo

No hay ítems disponibles.